| 000 | 00644nam a22001937a 4500 | ||
|---|---|---|---|
| 005 | 20241105135804.0 | ||
| 008 | 241016b |||||||| |||| 00| 0 eng d | ||
| 020 | _a9781319453428 | ||
| 082 | _aDC 515 Su531 2024 | ||
| 100 |
_aSullivan, Michael. _963020 |
||
| 245 |
_aCalculus for the AP course / _cMichael Sullivan and Kathleen Miranda. |
||
| 250 | _aFourth edition. | ||
| 260 |
_aNew York : _bBedford, Freeman & Worth, _c©2024. |
||
| 300 |
_axxix, 1062 : _billustrations (some color) ; _c28 cm. |
||
| 500 | _aincludes appendices and index. | ||
| 650 | 0 |
_aCalculus. _91222 |
|
| 700 |
_aMiranda, Kathleen. _963021 _eauthor. |
||
| 942 |
_2ddc _cDC |
||
| 999 |
_c22599 _d22599 |
||